| 000 | 00367nam a2200133Ia 4500 | ||
|---|---|---|---|
| 005 | 20260328101451.0 | ||
| 008 | 260328s9999||||xx |||||||||||||| ||und|| | ||
| 100 | _aLewis, Miles | ||
| 245 | 0 |
_aArchitectura : _b Elements of Architectural style / _cMiles Lewis |
|
| 260 | _bGlobal Book Publishings | ||
| 300 | _a399 p. | ||
| 650 | _aARQUITECTURA - ELEMENTOS | ||
| 942 | _cBK | ||
| 999 |
_c8672 _d8672 |
||